Znaki rozpoznawcze Australii - Statystyki

Ogólne statystyki
  • Ten quiz został rozwiązany 933 razy
    918 od ostatniego zresetowania
  • Średni wynik to 8 z 18
Statystyki odpowiedzi
Obrazkowy Hint Odpowiedź % Poprawnych
zwierzę Kangury
99%
przedmiot Boomerang
95%
zwierzę Emu
89%
budynek Opera w Sydney
83%
wyspa Tasmania
80%
formacja koralowa Wielka Rafa Koralowa
60%
miasto Perth
53%
atrakcja turystyczna Uluru
47%
aktorka Nicole Kidman
37%
kamień szlachetny Opal
34%
linia lotnicza Qantas
24%
instrument Didgeridoo
19%
coś do włożenia na tosty Vegemite
18%
pierwsza kobieta premier Julia Gillard
7%
kwiat Akacja złota
6%
plaża Plaża Bondi
6%
postać Dame Edna
5%
sportowiec Donald Bradman
5%
Nie znaleziono quizów pasujących do podanych kryteriów
Rozkład punktacji
Procent ludzi z każdym wynikiem
Percentyl według liczby udzielonych odpowiedzi
Twoja historia wyników
Nie rozwiązałeś tego quizu od ostatniego zresetowania